<?xml version="1.0" encoding="UTF-8"?><?xml-stylesheet type="text/xsl" href="static/style.xsl"?><OAI-PMH xmlns="http://www.openarchives.org/OAI/2.0/" xmlns:xsi="http://www.w3.org/2001/XMLSchema-instance" xsi:schemaLocation="http://www.openarchives.org/OAI/2.0/ http://www.openarchives.org/OAI/2.0/OAI-PMH.xsd"><responseDate>2026-06-01T14:57:01Z</responseDate><request verb="GetRecord" identifier="oai:riuma.uma.es:10630/30378" metadataPrefix="marc">https://riuma.uma.es/rest/oai/request</request><GetRecord><record><header><identifier>oai:riuma.uma.es:10630/30378</identifier><datestamp>2026-02-03T12:40:48Z</datestamp><setSpec>com_10630_2254</setSpec><setSpec>col_10630_37957</setSpec></header><metadata><record xmlns="http://www.loc.gov/MARC21/slim" xmlns:dcterms="http://purl.org/dc/terms/" xmlns:doc="http://www.lyncode.com/xoai" xmlns:xsi="http://www.w3.org/2001/XMLSchema-instance" xsi:schemaLocation="http://www.loc.gov/MARC21/slim http://www.loc.gov/standards/marcxml/schema/MARC21slim.xsd">
   <leader>00925njm 22002777a 4500</leader>
   <datafield ind2=" " ind1=" " tag="042">
      <subfield code="a">dc</subfield>
   </datafield>
   <datafield ind2=" " ind1=" " tag="720">
      <subfield code="a">Sabarit Peñalosa, Alejandro</subfield>
      <subfield code="e">author</subfield>
   </datafield>
   <datafield ind2=" " ind1=" " tag="260">
      <subfield code="c">2024</subfield>
   </datafield>
   <datafield ind2=" " ind1=" " tag="520">
      <subfield code="a">Tradicionalmente, el rendimiento en fútbol ha estado vinculado a las variables físicas, técnicas y tácticas, quedando las psicológicas relegadas a un segundo plano. El número de investigaciones que orienten sus objetivos a estudiar las funciones cognitivas y su influencia sobre la actuación deportiva en población adolescente es realmente escaso. El objetivo general de esta investigación fue analizar la relación entre funciones cognitivas y rendimiento deportivo en jóvenes futbolistas. Con tal fin, el primer objetivo específico fue examinar la influencia de las funciones cognitivas sobre el rendimiento deportivo en jóvenes futbolistas a partir de investigaciones recientes. El segundo objetivo específico fue analizar la relación existente entre atención y velocidad de procesamiento con índices de rendimiento en el juego en un contexto de juegos reducidos. Finalmente, el tercer objetivo fue explorar la interacción entre las acciones de juego toma de decisiones y ejecución técnica. Los resultados de la presente Tesis Doctoral mostraron correlaciones positivas entre las funciones cognitivas y los índices de rendimiento deportivo en jóvenes futbolistas. Estos resultados van en consonancia con estudios previos donde se relacionan la atención y la velocidad de procesamiento, entre otras, con habilidades técnico-tácticas y su influencia sobre el rendimiento deportivo. Por otro lado, se obtuvieron relaciones significativas entre la toma de decisiones y la ejecución técnica. Esto refuerza los resultados de investigaciones previas que sugieren una relación de interdependencia entre ambas acciones. Finalmente, se resalta la influencia de las funciones cognitivas en el proceso de toma de decisiones y ejecución técnica, destacando la importancia de un modelo de enseñanza que integre las demandas físicas, técnico-tácticas y cognitivas de manera simultánea.</subfield>
   </datafield>
   <datafield ind1="8" ind2=" " tag="024">
      <subfield code="a">https://hdl.handle.net/10630/30378</subfield>
   </datafield>
   <datafield tag="653" ind2=" " ind1=" ">
      <subfield code="a">Elección (Psicología)</subfield>
   </datafield>
   <datafield tag="653" ind2=" " ind1=" ">
      <subfield code="a">Deportes - Rendimiento</subfield>
   </datafield>
   <datafield ind2="0" ind1="0" tag="245">
      <subfield code="a">Funciones cognitivas y rendimiento deportivo en jóvenes futbolistas.</subfield>
   </datafield>
</record>
</metadata></record></GetRecord></OAI-PMH>